[Event "AUTO-INT-1692"]
[Site "http://www.queenalice.com/game.php?id=805919"]
[Date "2010.7.20"]
[Round "2"]
[White "luiz_antonio"]
[Black "brancao"]
[Result "0-1"]
[WhiteElo "1935"]
[BlackElo "1866"]

1. e4 e5 2. Bc4 Nf6 3. c3 Nxe4 4. Bxf7+ Kxf7 5. Qh5+ Ke6 6. Qg4+ Kd5 7. c4+ Kd4
8. Ne2+ Kxc4 9. Qxe4+ Kc5 10. Qxe5+ Kb6 11. Nbc3 c6 12. Qd4+ Kc7 13. O-O d6 14.
d3 Qf6 15. Qe3 Qe5 16. Qxe5 dxe5 17. Re1 Bg4 18. f3 Bc5+ 19. Kh1 Bf5 20. Rd1 Rd8
21. Ne4 Bxe4 22. fxe4 Rf8 23. Bd2 Rf2 24. Ng3 Nd7 25. Bc3 Raf8 26. Rac1 Bd4 27.
Nf5 Bxc3 28. Rxc3 g6 29. Ng3 Rxb2 30. Ra3 Rff2 31. Rxa7 Rfd2 32. Rxd2 Rb1+ 0-1

[Event "Challenge"]
[Site "http://www.queenalice.com/game.php?id=807936"]
[Date "2010.7.24"]
[Round "-"]
[White "colatina"]
[Black "brancao"]
[Result "1-0"]
[WhiteElo "1791"]
[BlackElo "1864"]

1. d4 d5 2. Nf3 Nc6 3. Nc3 Bf5 4. a3 f6 5. Bf4 g5 6. Bg3 h5 7. h4 g4 8. Ng1 Bg7
9. e3 e5 10. Bb5 Ne7 11. dxe5 fxe5 12. Bxc6+ Nxc6 13. Qxd5 Qxd5 14. Nxd5 O-O-O
15. c4 Na5 16. Ne7+ Kb8 17. Nxf5 Bf6 18. c5 e4 19. Nd4 Bxd4 20. exd4 Nb3 21. Rd1
Rhe8 22. Be5 Rd5 23. Ne2 Nxc5 24. Nf4 Nd3+ 25. Nxd3 exd3 26. Rxd3 Kc8 27. O-O c5
28. b3 1-0

[Event "Challenge"]
[Site "http://www.queenalice.com/game.php?id=811155"]
[Date "2010.7.31"]
[Round "-"]
[White "ONIT91"]
[Black "brancao"]
[Result "1-0"]
[WhiteElo "1993"]
[BlackElo "1874"]

1. c4 e5 2. Nc3 Bc5 3. e3 d6 4. g3 Nf6 5. Bg2 Nc6 6. Nge2 Bf5 7. d4 exd4 8. exd4
Bb4 9. O-O O-O 10. b3 Bg4 11. f3 Bh5 12. Bg5 h6 13. Bxf6 Qxf6 14. Nd5 Qd8 15. a3
Ba5 16. b4 Bb6 17. c5 dxc5 18. dxc5 Bxc5+ 19. bxc5 b6 20. cxb6 axb6 21. Nef4 Bg6
22. Ra2 Ra5 23. Re1 f6 24. Rd2 Bf7 25. Nb4 Qa8 26. Nfd5 Bxd5 27. Nxd5 Rxa3 28.
f4 g5 29. Ne7+ Nxe7 30. Bxa8 Nf5 31. Bd5+ Kh8 32. Be4 Ng7 33. Rd8 Ra8 34. Bxa8
Rxd8 35. Qxd8+ 1-0

[Event "Kasparov - 1"]
[Site "http://www.queenalice.com/game.php?id=813175"]
[Date "2010.8.4"]
[Round "-"]
[White "Samuelfs57"]
[Black "brancao"]
[Result "1/2-1/2"]
[WhiteElo "1943"]
[BlackElo "1835"]

1. e4 e5 2. Nf3 Nc6 3. Bb5 a6 4. Ba4 Nf6 5. Nc3 Bc5 6. a3 Ng4 7. O-O Bxf2+ 8.
Rxf2 Nxf2 9. Kxf2 O-O 10. Bxc6 bxc6 11. Nxe5 Qf6+ 12. Nf3 Bb7 13. d3 d5 14. e5
Qf5 15. d4 f6 16. Kg1 fxe5 17. dxe5 Bc8 18. Ne2 Qg6 19. h3 Rxf3 20. Nf4 Rxf4 21.
Bxf4 Qe4 22. Bg3 Bf5 23. c3 Qe3+ 24. Kh2 c5 25. Qh5 Rf8 26. Re1 Qd2 27. Re2 Qd1
28. Qf3 Be6 29. Qe3 Rf1 30. Re1 Rxe1 31. Qxe1 Qc2 32. Qf2 Qxf2 33. Bxf2 c4 34.
Kg3 Kf7 35. Kf4 h6 36. h4 Kg6 37. g4 h5 38. g5 a5 39. a4 Bg4 40. Ba7 Kf7 41. Bb8
c6 42. Bc7 Bd1 43. Bxa5 Bxa4 44. Bb4 Bc2 45. Ke3 Bf5 46. Kd4 Bd7 47. Bd6 Ke6 48.
Ke3 Kf5 49. Kf3 g6 50. Bc7 c5 51. Bd6 d4 52. Bxc5 Bc6+ 53. Ke2 d3+ 54. Kd2 Kxe5
55. Bf2 Kf4 56. Be1 Kf3 57. Kd1 Ba4+ 58. Kd2 Bc2 59. Kc1 Ke2 60. Bd2 Ba4 61. Bf4
Kf3 62. Bd2 Kf2 1/2-1/2

[Event "AUTO-BEG-392"]
[Site "http://www.queenalice.com/game.php?id=824282"]
[Date "2010.8.27"]
[Round "2"]
[White "hgvergueiro"]
[Black "brancao"]
[Result "0-1"]
[WhiteElo "1462"]
[BlackElo "1866"]

1. Nf3 d5 2. d4 Nc6 3. Ne5 Nxe5 4. dxe5 f6 5. Qd4 fxe5 6. Qxe5 Nh6 7. Bg5 Ng4 8.
Qg3 h6 9. Qh4 c6 10. Qh5+ Kd7 11. Qxg4+ Kc7 12. Bf4+ Kb6 13. Be3+ c5 14. Qg6+ e6
15. b4 d4 16. Bf4 cxb4 17. Qe4 g5 18. Be5 Rh7 19. Qxh7 a5 20. Nd2 a4 21. Nc4+
Ka7 22. Bc7 Qd7 23. Bb6+ Kb8 24. Qh8 Bg7 25. Qh7 d3 26. f4 Bc3+ 27. Kf2 Qxh7 28.
Rd1 Bd4+ 29. e3 dxc2 30. Rc1 Bxb6 31. Nxb6 Ra5 32. Nc4 Rd5 33. g3 gxf4 34. gxf4
b3 35. axb3 axb3 36. Nb2 Rd2+ 37. Ke1 Rd5 38. Bc4 Rh5 39. Bd3 Qg7 40. Na4 Qg2
41. Rf1 Rxh2 42. Nb6 Qd2# 0-1

[Event "AUTO-BEG-392"]
[Site "http://www.queenalice.com/game.php?id=824283"]
[Date "2010.8.27"]
[Round "2"]
[White "brancao"]
[Black "hgvergueiro"]
[Result "1-0"]
[WhiteElo "1860"]
[BlackElo "1397"]

1. e4 Nc6 2. Nf3 e5 3. Bc4 Nh6 4. d3 Bb4+ 5. c3 Ba5 6. Bxh6 gxh6 7. O-O Rg8 8.
b4 Bb6 9. b5 Na5 10. Nxe5 Qg5 11. Bxf7+ Kf8 12. Bxg8 Qxg8 13. Qg4 Qg5 14. Nxd7+
Kg7 15. Qxg5+ hxg5 16. Nxb6 cxb6 17. Na3 a6 18. bxa6 bxa6 19. d4 Bb7 20. Rfe1
Rf8 21. e5 Nc6 22. Nc4 Bc8 23. Nxb6 Bg4 24. Na4 Ne7 25. Rab1 Bf5 26. Rb7 Be4 27.
Rxe7+ Rf7 28. Rxf7+ Kxf7 29. Rxe4 Ke6 30. Nc5+ Kd5 31. Rg4 Kc4 32. Rxg5 Kxc3 33.
Nxa6 Kxd4 34. Rh5 Kd3 35. e6 Ke2 36. e7 Ke1 37. e8=Q+ Kd1 38. Qa4+ Kc1 39. Rc5+
1-0

[Event "the withe table"]
[Site "http://www.queenalice.com/game.php?id=831339"]
[Date "2010.9.11"]
[Round "-"]
[White "brancao"]
[Black "oirelaw"]
[Result "0-1"]
[WhiteElo "1897"]
[BlackElo "1731"]

1. e4 e5 2. Nf3 Nc6 3. Bb5 a6 4. Bxc6 dxc6 5. Nxe5 Qd4 6. Ng4 Qxe4+ 7. Ne3 h6 8.
O-O Be6 9. Re1 Bd6 10. b3 Nf6 11. Nc4 Qg6 12. Nxd6+ cxd6 13. h3 O-O 14. Ba3 Bxh3
15. Qf3 Bg4 16. Qc3 c5 17. f3 Bh3 18. Kh2 Qxg2# 0-1

[Event "Challenge"]
[Site "http://www.queenalice.com/game.php?id=838970"]
[Date "2010.9.28"]
[Round "-"]
[White "brancao"]
[Black "melo41"]
[Result "1-0"]
[WhiteElo "1839"]
[BlackElo "1719"]

1. e4 e6 2. Bc4 d5 3. exd5 exd5 4. Bd3 Nf6 5. Nf3 Bg4 6. O-O Be7 7. h3 Bh5 8.
Be2 O-O 9. Ne5 Bxe2 10. Qxe2 Bd6 11. Ng4 1-0

[Event "Challenge"]
[Site "http://www.queenalice.com/game.php?id=838971"]
[Date "2010.9.28"]
[Round "-"]
[White "brancao"]
[Black "melo41"]
[Result "1-0"]
[WhiteElo "1850"]
[BlackElo "1708"]

1. e4 e6 2. Bc4 d5 3. exd5 exd5 4. Qe2+ Be6 5. Bb3 Nf6 6. Nf3 c6 7. c4 d4 8. Qe5
c5 9. Ba4+ Nfd7 10. Bxd7+ Nxd7 11. Qe4 1-0

[Event "Challenge"]
[Site "http://www.queenalice.com/game.php?id=847775"]
[Date "2010.10.18"]
[Round "-"]
[White "brancao"]
[Black "mrjoe"]
[Result "1-0"]
[WhiteElo "1890"]
[BlackElo "1622"]

1. e4 c5 2. Bc4 e6 3. Nc3 Ne7 4. d4 Ng6 5. Nf3 Be7 6. d5 O-O 7. dxe6 fxe6 8. Be3
a6 9. Qd2 b5 10. Be2 Kh8 11. Ng5 Bxg5 12. Bxg5 Ne7 13. Bf3 Bb7 14. O-O-O h6 15.
Bxe7 Qxe7 16. Qe3 b4 17. Na4 Nc6 18. Nxc5 Bc8 19. e5 Nxe5 20. Bxa8 Ng4 21. Qd4
Nxf2 22. Rhf1 Nxd1 23. Rxf8+ Qxf8 24. Kxd1 Qf1+ 25. Kd2 Qb5 26. Nxe6 dxe6 27.
Qd8+ Kh7 28. Be4+ g6 29. Qe7+ Kg8 30. Bxg6 Qd5+ 31. Kc1 Qg5+ 32. Kd1 Qxg6 33.
Qd8+ Kf7 34. Qxc8 Qg4+ 35. Kd2 Qxg2+ 36. Kd3 Qg6+ 37. Kd2 Qg2+ 38. Kd3 Qf1+ 39.
Kd4 Qf4+ 40. Kc5 Qe5+ 41. Kb6 Qb5+ 42. Ka7 Kf6 43. Qxa6 Qxa6+ 44. Kxa6 e5 45.
Kb5 e4 46. Kxb4 Ke5 47. Kc3 Kf4 48. Kd2 Kf3 49. Ke1 h5 50. a4 h4 51. a5 h3 52.
a6 Kg2 53. a7 Kxh2 54. a8=Q Kg1 55. Qxe4 h2 56. b4 h1=Q 57. Qxh1+ Kxh1 58. b5
1-0

[Event "AUTO-OPEN-1954"]
[Site "http://www.queenalice.com/game.php?id=870162"]
[Date "2010.12.10"]
[Round "2"]
[White "kamikaze"]
[Black "brancao"]
[Result "1-0"]
[WhiteElo "2097"]
[BlackElo "1877"]

1. d4 d5 2. c4 dxc4 3. Nc3 Nc6 4. Nf3 Bg4 5. e3 Nb4 6. a3 Nd3+ 7. Bxd3 cxd3 8.
h3 Bxf3 9. Qxf3 c6 10. Qe4 Nf6 11. Qxd3 e6 12. O-O c5 13. Qb5+ Qd7 14. dxc5 Rc8
15. b4 Be7 16. Bb2 1-0

[Event "AUTO-OPEN-1954"]
[Site "http://www.queenalice.com/game.php?id=870163"]
[Date "2010.12.10"]
[Round "2"]
[White "brancao"]
[Black "kamikaze"]
[Result "0-1"]
[WhiteElo "1885"]
[BlackElo "2089"]

1. e4 e5 2. Nf3 Nc6 3. Bc4 h6 4. Nc3 Nf6 5. d4 exd4 6. Nxd4 Ne5 7. Qe2 Bc5 8.
Be3 b6 9. Nd5 O-O 10. Nxf6+ Qxf6 11. Nb5 Bxe3 12. fxe3 Qh4+ 13. g3 Qxe4 0-1

[Event "AUTO-OPEN-1954"]
[Site "http://www.queenalice.com/game.php?id=870168"]
[Date "2010.12.10"]
[Round "2"]
[White "brancao"]
[Black "Pedro666"]
[Result "0-1"]
[WhiteElo "1870"]
[BlackElo "2346"]

1. e4 c5 2. Bc4 e6 3. e5 Nc6 4. f4 Nxe5 5. fxe5 Qh4+ 6. Kf1 Qxc4+ 7. d3 Qa6 8.
Nc3 d6 9. exd6 Bxd6 10. Qg4 Kf8 11. Ne4 Nf6 12. Nxf6 gxf6 13. Bh6+ Ke7 14. Bg7
Re8 15. Nf3 e5 16. Qh4 Bc7 17. Qxh7 c4 18. a3 Be6 19. Rc1 Rg8 20. Rd1 Rad8 21.
Ke2 cxd3+ 0-1

[Event "AUTO-OPEN-1954"]
[Site "http://www.queenalice.com/game.php?id=870169"]
[Date "2010.12.10"]
[Round "2"]
[White "Pedro666"]
[Black "brancao"]
[Result "1-0"]
[WhiteElo "2353"]
[BlackElo "1868"]

1. d4 d5 2. c4 dxc4 3. e3 b5 4. a4 Ba6 5. axb5 Bxb5 6. Nc3 c6 7. b3 e5 8. bxc4
exd4 9. Qxd4 Qxd4 10. exd4 Bb4 11. Bd2 Ba6 12. Bd3 Ne7 13. Nge2 O-O 14. O-O Bb7
15. Rfb1 a5 16. Ne4 Na6 17. c5 Nd5 18. Bxb4 Naxb4 19. Nd6 Ba6 20. Bxa6 Rxa6 21.
Ra4 1-0

[Event "Challenge"]
[Site "http://www.queenalice.com/game.php?id=873149"]
[Date "2010.12.17"]
[Round "-"]
[White "brancao"]
[Black "ymfrancois"]
[Result "1-0"]
[WhiteElo "1895"]
[BlackElo "1814"]

1. e4 e5 2. Nf3 Nf6 3. Nxe5 d6 4. Nf3 Nxe4 5. Qe2 Qe7 6. d3 Nf6 7. Bg5 Qxe2+ 8.
Bxe2 Be7 9. O-O O-O 10. Nc3 Nc6 11. d4 Be6 12. Rfd1 Nd5 13. Nxd5 Bxd5 14. Bxe7
Nxe7 15. c4 Bc6 16. d5 Bd7 17. Ng5 h6 18. Ne4 Bf5 19. f3 Ng6 20. c5 Bxe4 21.
fxe4 Ne5 22. cxd6 cxd6 23. b4 a6 24. a4 f5 25. exf5 Rxf5 26. Rdc1 Rg5 27. Rc7
Rb8 28. b5 axb5 29. Bxb5 Ng4 30. Bd7 Ne3 31. Rb1 Nxg2 32. Kf2 Rf8+ 33. Ke2 Re5+
34. Kd3 Re3+ 35. Kc4 Nf4 36. Rbxb7 Re4+ 37. Kb5 Nxd5 38. Be6+ Kh8 39. Bxd5 Rg4
40. h3 Rg5 41. Kc6 Ra8 42. h4 Rg6 43. h5 Rg5 44. a5 Ra6+ 45. Rb6 Ra8 46. a6 1-0

[Event "AUTO-BEG-392"]
[Site "http://www.queenalice.com/game.php?id=884619"]
[Date "2011.1.11"]
[Round "3"]
[White "marcelouco"]
[Black "brancao"]
[Result "0-1"]
[WhiteElo "1672"]
[BlackElo "1908"]

1. e4 e5 2. Nf3 Nc6 3. Bc4 Bc5 4. d3 h6 5. O-O Nf6 6. Nc3 Ng4 7. h3 Bxf2+ 8.
Rxf2 Nxf2 9. Kxf2 O-O 10. d4 exd4 11. Nxd4 Qf6+ 12. Qf3 Qxd4+ 13. Be3 Qxc4 14.
Qg3 Qe6 15. Nb5 Qf6+ 16. Kg1 Qxb2 17. Bc5 Qxa1+ 18. Kh2 d6 19. Nxc7 Rb8 20. Qxd6
Qe5+ 21. Qxe5 Nxe5 22. Bxf8 Kxf8 23. a4 Bd7 24. Nd5 Bxa4 0-1

[Event "AUTO-BEG-392"]
[Site "http://www.queenalice.com/game.php?id=884620"]
[Date "2011.1.11"]
[Round "3"]
[White "brancao"]
[Black "marcelouco"]
[Result "0-1"]
[WhiteElo "1913"]
[BlackElo "1621"]

1. e4 e5 2. Nf3 Nc6 3. Bc4 Bc5 4. Ng5 Qxg5 5. O-O d6 6. d4 Qg6 7. dxc5 Bh3 8.
Qf3 Be6 9. Bxe6 Qxe6 10. Nc3 Nd4 11. Qg3 g6 12. Qd3 Ne7 13. Be3 dxc5 14. Nb5 Qb6
15. Bxd4 cxd4 16. Qc4 O-O 17. Rfc1 c6 18. Nd6 Nc8 19. Nxc8 Raxc8 20. c3 c5 21.
cxd4 cxd4 22. Qd5 Rxc1+ 23. Rxc1 Qxb2 24. Rd1 Re8 25. Rf1 b5 26. f4 exf4 27.
Rxf4 Rf8 28. e5 Qc1+ 29. Rf1 Qe3+ 30. Rf2 d3 31. Qxb5 d2 32. Qb1 Rc8 0-1